Famous Scots - Statistics

General Stats
  • This quiz has been taken 27 times
  • The average score is 8 of 17
Answer Stats
most known Scot % Correct
braveheart William Wallace
92%
they celebrate him 25th january/poet Robert Burns
88%
British tennis champ andy Murray
80%
trainspottting, star wars Ewan Mcgregor
80%
beheaded by cousin elizabeth Mary queen of scots
80%
Bond Sean Connery
76%
discovered Penicilin Alexander Fleming
72%
Gaurdian of scotland Robert the Bruce
64%
Became king of england and scotland James I
48%
leader of Macgregor clan/ rebel Rob Roy
44%
cause behind the Jacobites Bonnie Prince
40%
Once upon a time rumple, trainspotting Robert Carlyle
12%
inspiration behind chariots of fire eric Lidell
8%
Outlander Sam Heughan
8%
Spy Kids, annie 1998 Alan Cumming
4%
Red wedding, game of thrones Richard Madden
4%
outlander murray Steven Creee
0%
No matching quizzes found
Score Distribution
Percent of People with Each Score
Percentile by Number Answered
Your Score History
You have not taken this quiz